LEADER 01316nas 2200349 n 450 001 990008949840403321 011 $a1534-5807 035 $a000894984 035 $aFED01000894984 035 $a(Aleph)000894984FED01 035 $a000894984 091 $2CNR$aPT02109559 100 $a--------a20019999km-y0itaa50------ba 101 0 $aeng 102 $aUS 200 1 $aDevelopmental cell 207 1$a2001- 210 $aCambridge (Mass.)$cCell press 326 $aMensile 452 0$12001$aDevelopmental cell 530 0 $aDevelopmental cell 676 $a571 801 0$aIT$bACNP$c20090723 859 4 $uhttp://acnp.cib.unibo.it/cgi-ser/start/it/cnr/dc-p1.tcl?catno=2109559&person=false&language=ITALIANO&libr=&libr_th=unina1$zBiblioteche che possiedono il periodico 901 $aSE 912 $a990008949840403321 958 $aBiblioteca del Centro di Ingegneria Genetica dell'Università$b2006-$fNAP09 959 $aNAP09 996 $aDevelopmental cell$9797715 997 $aUNINA AP1 8 $6866-01$aNA249 Biblioteca del Centro di Ingegneria Genetica dell'Università$e, Napoli (NA)$nit AP2 40$aacnp.cib.unibo.it$nACNP Italian Union Catalogue of Serials$uhttp://acnp.cib.unibo.it/cgi-ser/start/it/cnr/df-p.tcl?catno=2109559&language=ITALIANO&libr=&person=&B=1&libr_th=unina&proposto=NO LEADER 01696nam 22005414a 450 001 9910783506803321 005 20230617035802.0 010 $a1-280-36142-5 010 $a9786610361427 010 $a1-59332-160-0 035 $a(CKB)1000000000244797 035 $a(OCoLC)228124672 035 $a(CaPaEBR)ebrary10115171 035 $a(SSID)ssj0000141587 035 $a(PQKBManifestationID)11911825 035 $a(PQKBTitleCode)TC0000141587 035 $a(PQKBWorkID)10090173 035 $a(PQKB)10072361 035 $a(MiAaPQ)EBC3016759 035 $a(Au-PeEL)EBL3016759 035 $a(CaPaEBR)ebr10115171 035 $a(OCoLC)697639709 035 $a(EXLCZ)991000000000244797 100 $a20040817d2005 uy 0 101 0 $aeng 135 $aurcn||||||||| 181 $ctxt 182 $cc 183 $acr 200 10$aDrug testing in law enforcement agencies$b[electronic resource] $esocial control in the public sector /$fJames R. Brunet 210 $aNew York $cLFB Scholarly Pub.$d2005 215 $a1 online resource (198 p.) 225 1 $aCriminal justice 300 $aBibliographic Level Mode of Issuance: Monograph 311 $a1-59332-067-1 320 $aIncludes bibliographical references (p. 169-186) and index. 410 0$aCriminal justice (LFB Scholarly Publishing LLC) 606 $aPolice$xDrug testing$zUnited States 615 0$aPolice$xDrug testing 676 $a363.2/2 700 $aBrunet$b James R.$f1966-$01584596 801 0$bMiAaPQ 801 1$bMiAaPQ 801 2$bMiAaPQ 906 $aBOOK 912 $a9910783506803321 996 $aDrug testing in law enforcement agencies$93868517 997 $aUNINA